000 00210nam a22000857a 4500
001 1235201
005 20250930111530.0
245 _aADALET VE HAKSIZLIK
_cBRIGITTE LABBE
260 _bGÜNIŞIĞI KİTAPLIĞI YAYINLARI
999 _c1235201
_d1235201